| 000 | 00936nam a22002177a 4500 | ||
|---|---|---|---|
| 003 | OSt | ||
| 005 | 20260127160006.0 | ||
| 008 | 230402b ||||| |||| 00| 0 eng d | ||
| 040 | _cOst | ||
| 041 | _ashan | ||
| 082 | _a928.95919 | ||
| 245 |
_aပီမႂ်ႇတႆးလႄႈၽိင်ႈၵေႃႇၸဵင်။ _cႁႅင်ႈသၢမ်ၶၢဝ်း (မွၼ်လူင်) ၵဵပ်းႁွမ်- |
||
| 260 |
_aဝဵင်းလိူဝ်ႇ _bဢွင်ႇသပေႇ _c2018 |
||
| 500 | _aမႆ 2353 လႄႈ 2354 ပဵၼ်ပပ်ႉၸဝ်ႈတႃႇၼႁၢင်ႈၶေႃ တွၵ်ႉတိူဝ်ႇၸၢႆးဢွင်ႇထုၼ်း | ||
| 500 | _aS-SAT: Dr. Prof Sai Aung Tun | ||
| 650 |
_aပိုၼ်း-ၸဝ်ႈၶူးမေႃတႆး _922689 |
||
| 650 | _aၽိင်ႈထုင်းတႆး | ||
| 942 | _cBK | ||
| 942 | _2ddc | ||
| 942 | _2ddc | ||
| 999 |
_c23667 _d23667 |
||